Guanajuato : maravilloso y legendario /

En este libro se habla de todos los puntos de interés turístico que se encuentran en Guanajuato, además de las leyendas que se tejen alrededor de éstas.

Gespeichert in:
Bibliographische Detailangaben
1. Verfasser: García, Andrés (autor)
Format: Buch
Sprache:Spanisch
Ausgabe:2a edición
Schlagworte:
Tags: Tag hinzufügen
Keine Tags, Fügen Sie das erste Tag hinzu!

MARC

LEADER 00000nam^a2200000^a^4500
001 000130463
005 20250521000000.0
009 20260526123559.481
037 |a Acervo ITESO - Biblioteca 
041 |a ESP 
082 |a 917. 204  |b GAR 
100 |a García, Andrés  |e (autor) 
245 1 0 |a Guanajuato :  |b maravilloso y legendario /  |c A. García. 
250 |a 2a edición 
264 |a México :  |b editorial no identificada,  |c 1969 
300 |a 1 v. (sin paginación) 
336 |a texto  |b txt  |2 rdacontenido 
337 |a sin mediación  |b n  |2 rdamedio 
338 |a volumen  |b nc  |2 rdasoporte 
520 |a En este libro se habla de todos los puntos de interés turístico que se encuentran en Guanajuato, además de las leyendas que se tejen alrededor de éstas. 
649 |a XX 
650 |a Guías Turísticas 
650 |a Guanajuato -  |x Descripción -  |x Guías Turísticas 
650 |a México -  |x Descripción -  |x Guías Turísticas 
650 |a Turismo -  |z Guanajuato 
650 |a Turismo -  |z México 
910 |a Fondo Salvador Reynoso Reynoso 
920 |a Impresos - Libros 
930 |a Fondos Especiales 
905 |a 112 
901 |a 0800012352  |b IT2  |c ESP  |u 20250521 
902 |a https://opac.biblio.iteso.mx/vufind/Record/000130463